Applied Statistics and the SAS Programing Language (Record no. 2069)
[ view plain ]
| 000 -LEADER | |
|---|---|
| fixed length control field | 00704nam a2200229Ia 4500 |
| 003 - CONTROL NUMBER IDENTIFIER | |
| control field | BUBTL |
| 008 - FIXED-LENGTH DATA ELEMENTS--GENERAL INFORMATION | |
| fixed length control field | 151213s9999 xx 000 0 und d |
| 020 ## - INTERNATIONAL STANDARD BOOK NUMBER | |
| International Standard Book Number | 0-444-01619-8 |
| 082 ## - DEWEY DECIMAL CLASSIFICATION NUMBER | |
| Classification number | 005.13/COA |
| 100 ## - MAIN ENTRY--PERSONAL NAME | |
| Personal name | Cody, Ronald P.Jefferey K.Smith |
| 9 (RLIN) | 3721 |
| 245 ## - TITLE STATEMENT | |
| Title | Applied Statistics and the SAS Programing Language |
| Statement of responsibility, etc. | Ronald P.Cody ,Jefferey K.Smith |
| 250 ## - EDITION STATEMENT | |
| Edition statement | 3rd |
| 260 ## - PUBLICATION, DISTRIBUTION, ETC. (IMPRINT) | |
| Place of publication, distribution, etc. | New York |
| Name of publisher, distributor, etc. | North Holand |
| Date of publication, distribution, etc. | c1991 |
| 300 ## - PHYSICAL DESCRIPTION | |
| Extent | [xviii] , 403p . : |
| Other physical details | ill . ; 23cm. |
| 500 ## - GENERAL NOTE | |
| General note | Includes Index |
| 650 ## - SUBJECT ADDED ENTRY--TOPICAL TERM | |
| Topical term or geographic name as entry element | Computer |
| 9 (RLIN) | 3722 |
| 650 ## - SUBJECT ADDED ENTRY--TOPICAL TERM | |
| Topical term or geographic name as entry element | Computer |
| 9 (RLIN) | 3722 |
| 700 ## - ADDED ENTRY--PERSONAL NAME | |
| Personal name | Ronald P.Cody ,Jefferey K.Smith |
| 9 (RLIN) | 3723 |
| 856 ## - ELECTRONIC LOCATION AND ACCESS | |
| Password | 0 |
| Logon | 0 |
| Link text | Download |
| 942 ## - ADDED ENTRY ELEMENTS (KOHA) | |
| Source of classification or shelving scheme | |
| Koha item type | Books |
| Withdrawn status | Lost status | Source of classification or shelving scheme | Damaged status | Not for loan | Collection code | Permanent location | Current location | Shelving location | Date acquired | Inventory number | Total Checkouts | Total Renewals | Full call number | Barcode | Date last seen | Date last checked out | Copy number | Price effective from | Koha item type |
|---|---|---|---|---|---|---|---|---|---|---|---|---|---|---|---|---|---|---|---|
| Non-fiction | Bangladesh University of Business and Technology Library | Bangladesh University of Business and Technology Library | Computer Science Stacks | 11/08/2020 | 2881 | 2 | 2 | 005.13/COA | BUBTL-20032881 | 11/18/2021 | 10/05/2021 | C-1 | 11/08/2020 | Books |
